000 00581nam a2200169Ia 4500
008 100122s9999 xx 000 0 und d
082 _b66493
_a823
100 _aप्रेस्टन रिचर्ड
245 _aद हॉट झोन ( क.क्र. 1/1 )
250 _a1
260 _bमेहता पब्लिकेशन हाऊस
_c1998
300 _a305
630 _aद हॉट झोन ( क.क्र. 1/1 )
700 _aजोगळेकर प्रमोद
730 _aद हॉट झोन ( क.क्र. 1/1 )
942 _cBOOK
999 _c439024
_d439021